Normal view
MARC view
Entry Personal Name
001 - CONTROL NUMBER
- control field: 871786
003 - CONTROL NUMBER IDENTIFIER
- control field: OSt
005 - DATE AND TIME OF LATEST TRANSACTION
- control field: 20260114185557.0
008 - FIXED-LENGTH DATA ELEMENTS
- fixed length control field: 260114|| aca||aabn | a|a d
040 ## - CATALOGING SOURCE
- Original cataloging agency: OSt
- Transcribing agency: OSt
100 ## - HEADING--PERSONAL NAME
- Personal name: Richard Fulton
670 ## - SOURCE DATA FOUND
- Source citation: Work cat.: (OSt)1470734: Richard Fulton, Warrior Generation 1865-1885 Militarism and British Working Class Boys, 2020
